WTA Top 50 - 2005 - Statistics

General Stats
  • This quiz has been taken 133 times
    118 since last reset
  • The average score is 28 of 50
Answer Stats
# Nationality Player % Correct
11 USA Serena Williams
98%
10 USA Venus Williams
98%
6 Belgium Justine Henin
96%
2 Belgium Kim Clijsters
96%
4 Russia Maria Sharapova
96%
1 USA Lindsay Davenport
92%
16 Serbia Ana Ivanovic
90%
3 France Amelie Mauresmo
88%
22 Serbia Jelena Jankovic
88%
5 France Mary Pierce
84%
8 Russia Elena Dementieva
80%
23 Italy Flavia Pennetta
76%
18 Russia Svetlana Kuznetsova
76%
45 Israel Shahar Peer
73%
19 Slovakia Daniela Hantuchova
71%
46 Australia Samantha Stosur
69%
13 Italy Francesca Schiavone
67%
7 Switzerland Patty Schnyder
67%
42 Russia Vera Zvonareva
67%
20 Russia Dinara Safina
65%
44 China Zheng Jie
65%
14 Russia Anastasia Myskina
63%
41 Italy Roberta Vinci
63%
32 Spain Conchita Martinez
61%
31 India Sania Mirza
61%
40 France Marion Bartoli
59%
37 China Peng Shuai
57%
9 Russia Nadia Petrova
55%
50 Czech Republic Lucie Safarova
51%
15 Czech Republic Nicole Vaidisova
51%
30 Japan Ai Sugiyama
49%
27 Argentina Gisela Dulko
49%
25 Russia Maria Kirilenko
47%
33 Russia Anna Chakvetadze
45%
28 Slovenia Katarina Srebotnik
37%
43 Israel Anna Smashnova
33%
12 France Nathalie Dechy
33%
24 France Tatiana Golovin
33%
29 Australia Alicia Molik
31%
21 Germany Anna-Lena Gronefeld
29%
35 Bulgaria Sesil Karatantcheva
27%
34 Spain Anabel Medina Garrigues
24%
39 Russia Vera Dushevina
24%
36 Czech Republic Klara Koukalova
22%
17 Russia Elena Likhovtseva
20%
26 Czech Republic Kveta Peschke
20%
48 Japan Akiko Morigami
14%
49 Spain Nuria Llagostera Vives
10%
47 USA Jill Craybas
8%
38 Japan Shinobu Asagoe
8%
No matching quizzes found
Score Distribution
Percent of People with Each Score
Percentile by Number Answered
Your Score History
You have not taken this quiz since the last reset